Statistics for Geometry Dash-General Knowledge #3

Click here to take the quiz!

General Stats

  • This quiz has been taken 149 times
    (147 since last reset)
  • The average score is 8 of 16

Answer Stats

QuestionAnswer% Correct
Nine Circles is to red, Jawbreaker is to ______Blue
93%
Which update introduced speed changes?1.7
88%
Which level was (and still is, though Ultra Paracosm is debatable) considered the easiest Nine Circles demon?Problematic
78%
Dear Nostalgists has a reputation for very buggy gameplay, as well as being a 1.0 themed 2.0 level. Who made it?TriAxis
68%
Who remade and verified all of Sohn0924's Hell series levels?Stormfly
61%
Which current legend of the community started the level Infrared and thus the Lightwave series?TrusTa
60%
Who verified (and re-verified a buffed version) Digital Descent?Combined
59%
Future Demoness was which legendary player's 1.9 level?MaJackO
41%
Bloodbath is to Quasar, Yatagarasu is to ______Surv
40%
Who made the above level?Dhafin
36%
Who was the first Spanish player to defeat Bloodbath?SoulsTRK
35%
Betrayal of Fate is a controversial 2.0 level by xcy-7 and another creator, who claimed to beat the level although he had no video recording. The level is currently specified as Possibly Hacked. Who was that creator?WeoWeoTeo
33%
Acropolis is to Zobros, WcropoliX is to ______BlassCFB
30%
There is a demon face at the end of famous demon Death Moon by FunnyGame, though FunnyGame didn't make it himself. Who did?Knobbelboy
30%
Which player has beat Cataclysm four times, the first of which he thought he was recording the game, but wasn't, and had to rebeat it for the video?Brandon Larkin
14%
Who is the only person (apart from LunarSIMG) who beat all of the Simg Factorial levels?SrGuillester
14%

Score Distribution

Percentile by Number Answered

Percent of People with Each Score

Your Score History

You have not taken this quiz since the last reset